zpět

Detail výsledku týmu

Kozlovna S-klub, Olomouc

Datum a čas kvízu

21.5 Celkem bodů Celkový počet nahraných bodů na tomto kvízu bez doplňovacích otázek.
12. Pořadí na kvízu Konečné umístění týmu na tomto kvízu.

Zaznamenané odpovědi

# Otázka Odpověď Body Výsledky
1. V sobotu se uskutečnila vzpomí... Panenské Břežany 0
2. Co neobvyklého přistálo ve čtv... C) kontejnerová loď 1
3. V pondělí nalezli francouzští... Jim Morrison 0
4. Kmen Marubo z Amazonského pral... C) na pornu 1
5. Jak se nazývá klub, který se v... Tottenham (Hotspur) 1
6. V tomto tématu se podíváme na... Hayato Okamura, KDU-ČSL 1
7. Podívejte se pozorně na tvář t... Watson 0
8. Tentokrát nás zajímá příjmení... Dana Hlaváčová; Dora 0
9. Jak se jmenuje tento muž? Tent... Etzler; novinář 1
10. Napište jméno a příjmení tohot... Ralf Schumacher 1